Theories of personality (Record no. 115)

MARC details
000 -LEADER
fixed length control field 00706nam a22001337a 4500
008 - FIXED-LENGTH DATA ELEMENTS--GENERAL INFORMATION
fixed length control field 110916t xxu||||| |||| 00| 0 eng d
050 ## - LIBRARY OF CONGRESS CALL NUMBER
Classification number BF698 .H33
100 ## - MAIN ENTRY--PERSONAL NAME
Personal name HALL,Calvin S.
245 ## - TITLE STATEMENT
Title Theories of personality
Statement of responsibility, etc. Calvin S. Hall
260 ## - PUBLICATION, DISTRIBUTION, ETC.
Place of publication, distribution, etc. New York,
Name of publisher, distributor, etc. Wiley
Date of publication, distribution, etc. 1957
300 ## - PHYSICAL DESCRIPTION
Extent Xi, 572p.
Other physical details ills
Dimensions 24cm
505 ## - FORMATTED CONTENTS NOTE
Formatted contents note Contents: The Nature of personality theory -- Freud's psychology -- Jung's analytic theory -- Social psychological theories -- Murray's personology -- Lewin's field theory -- Allport's psychology of individaul -- Organismic theory -- Sheldon's constituitional psychology-- Cattell's factor theory -- Stimulus- response theory.
Statement of responsibility Calvin S. Hall
Title Theories of personality
942 ## - ADDED ENTRY ELEMENTS (KOHA)
Source of classification or shelving scheme Library of Congress Classification
Koha item type Books
Holdings
Withdrawn status Lost status Source of classification or shelving scheme Damaged status Not for loan Home library Current library Shelving location Date acquired Total Checkouts Full call number Barcode Date last seen Copy number Price effective from Koha item type
    Library of Congress Classification     WISCONSIN INTERNATIONAL UNIVERSITY COLLEGE, GHANA - MAIN LIBRARY WISCONSIN INTERNATIONAL UNIVERSITY COLLEGE, GHANA - MAIN LIBRARY General Stacks 16/09/2011   BF698.H33 265/11 16/09/2011 1 16/09/2011 Books
    Library of Congress Classification     WISCONSIN INTERNATIONAL UNIVERSITY COLLEGE, GHANA - MAIN LIBRARY WISCONSIN INTERNATIONAL UNIVERSITY COLLEGE, GHANA - MAIN LIBRARY General Stacks 06/02/2015   BF698 .H331 266/11 06/02/2015 2 06/02/2015 Books

If you have any concerns or questions; kindly contact the library


© Powered by WIUC ICT DIRECTORATE